Die 100 größten Städte Frankreichs - Statistiken

Allgemein
  • Dieses Quiz wurde 215 mal gespielt
  • Das Durchschnittsergebnis liegt bei 36 aus 100
Antwortstatistiken
Population Antwort Département % Korrekt
873 076 Marseille 13
100%
2 133 111 Paris 75
100%
522 250 Lyon 69
97%
348 085 Nizza 06
95%
291 313 Straßburg 67
95%
261 804 Bordeaux 33
94%
236 710 Lille 59
91%
504 078 Toulouse 31
91%
302 454 Montpellier 34
85%
225 081 Rennes 35
85%
323 294 Nantes 44
84%
139 619 Brest 29
79%
166 058 Le Havre 76
77%
120 874 Metz 57
74%
159 346 Dijon 21
73%
157 477 Grenoble 38
73%
172 718 Saint Étienne 42
71%
179 380 Reims 51
70%
180 452 Toulon 83
66%
147 327 Clermont Ferrand 63
61%
67 380 Calais 62
60%
73 255 Cannes 06
60%
90 330 Avignon 84
59%
148 104 Nîmes 30
59%
116 617 Orléans 45
58%
137 658 Tours 37
58%
104 260 Nancy 54
57%
106 341 Mulhausen 68
56%
114 083 Rouen 76
56%
145 004 Le Mans 72
53%
83 587 Versailles 78
52%
133 625 Amiens 80
51%
154 765 Saint Denis de la Réunion 97-4
51%
113 942 Saint Denis en France 93
51%
108 200 Caen 14
50%
147 478 Aix-en-Provence 13
49%
73 822 Ajaccio 2A
45%
157 175 Ärger 49
45%
119 656 Perpignan 66
45%
77 066 Pau 64
42%
78 535 La Rochelle 17
40%
67 730 Colmar 68
39%
129 760 Limoges 87
39%
131 715 Annecy 74
37%
119 198 Besançon 25
36%
64 483 Valence 26
35%
62 782 Troyes 10
34%
119 808 Boulogne Billancourt 92
29%
77 808 Cherbourg-en-Cotentin 50
29%
86 788 Dunkerque 59
29%
90 240 Poitiers 86
29%
63 642 Quimper 29
29%
156 928 Villeurbanne 69
29%
97 151 Nanterre 92
23%
98 892 Roubaix 59
23%
63 701 Bourges 18
22%
80 341 Béziers 34
19%
107 221 Argenteuil 95
18%
63 468 Cayenne 973
17%
75 130 Antibes 06
16%
59 856 Chambéry 74
15%
92 289 Créteil 94
14%
61 919 Montauban 82
14%
111 455 Montreuil 93
14%
72 057 Saint Nazaire 44
14%
74 921 Fort de France 972
12%
62 067 Villeneuve d'Ascq 59
12%
105 240 Saint Paul 97-4
11%
84 077 Saint Pierre 97-4
11%
64 849 Clichy 92
10%
88 870 Colombes 92
10%
63 232 Antony 92
9%
77 724 Champigny-sur-Marne 94
9%
64 009 Ivry-sur-Seine 94
9%
59 309 Niort 79
9%
70 374 Noisy-le-Grand 93
9%
90 171 Aubervilliers 93
8%
68 348 Cergy 95
8%
66 177 Évry-Courcouronnes 91
8%
68 580 Issy-les-Moulineaux 92
8%
96 205 Vitry-sur-seine 94
8%
86 135 Aulnay-sous-Bois 93
6%
71 363 Drancy 93
6%
81 943 Le Tampon 97-4
6%
75 726 Merignac 33
6%
78 186 Rueil-Malmaison 92
6%
99 011 Tourcoing 59
6%
89 662 Asnières-sur-Seine 92
5%
62 763 La Seyne sur Mer 83
5%
59 268 Neuilly-sur-Seine 92
5%
66 760 Pessac 33
5%
58 424 Sarcelles 95
5%
66 363 Vénissieux 69
5%
68 009 Levallois-Perret 92
4%
72 437 Mamoudzou 976
4%
60 800 Pantin 93
4%
75 441 Saint-Maur des Fossés 94
4%
58 257 Le Blanc Mesnil 93
3%
81 516 Courbevoie 92
2%
57 957 Maisons Alfort 94
2%
Keine übereinstimmenden Quizze gefunden
Verteilung der Resultate
Anzahl Personen mit jedem Resultat
Perzentil nach korrekt beantworteten Fragen
Ihre Resultats-Entwicklung
Sie haben dieses Quiz noch nicht gespielt